Statistiques concernant Les prénoms dans le titre des romans

Cliquez ici pour prendre le quiz!

Statistiques générales

  • Ce quiz a été pris 365 fois
  • Le résultat moyen est 14 sur 32

Statistiques - réponses

AuteurTitre du romanPrénom% Correct
Lewis Carroll.... au pays des merveillesAlice
98%
J. K. Rowling... PotterHarry
98%
Comtesse de SégurLes malheurs de ....Sophie
96%
Charles Dickens... TwistOliver
90%
Marcel Pagnol... des sourcesManon
88%
Charles Dickens... CopperfieldDavid
86%
Léon Tolstoï.... KarénineAnna
83%
Honoré de Balzac.... GrandetEugénie
77%
Charlotte Brontë... EyreJane
76%
Emile Zola.... RaquinThérèse
76%
Jules Verne.... StrogoffMichel
75%
Denis Diderot... le fatalisteJacques
69%
Victor Hugo.... BorgiaLucrèce
65%
François Mauriac... DesqueyrouxThérèse
61%
Marguerite YourcenarMémoires d'....Hadrien
52%
Tatiana de RosnayElle s'appelait ...Sarah
42%
Louis Hémon... ChapdelaineMaria
36%
Sidonie-Gabrielle Colette.... à l'écoleClaudine
30%
Marquis de Sade... ou les malheurs de la vertuJustine
26%
George Sand.... le champiFrançois
21%
Honoré de Balzac.... BirotteauCésar
20%
Stendhal... LeuwenLucien
20%
Jean Giono... le bleuJean
17%
Alexandre Dumas... BalsamoJoseph
15%
Jules Verne... SandorfMathias
9%
Anne Brontë... GreyAgnès
6%
Honoré de Balzac... LambertLouis
5%
Honoré de Balzac... MirouëtUrsule
5%
Alexandre Dumas... PitouAnge
3%
Honoré de Balzac... MignonModeste
3%
Honoré de Balzac... SavarusAlbert
2%
Henri TroyatLe défi d' ...Olga
1%

Distribution des résultats

Percentile par nombre de réponses

% des personnes avec chaque résultat

Votre développement - résultats

Vous n’avez pas pris ce quiz